=LDR 00000nam 2200000 4500 =001 INLIS000000000012092 =005 20130612103632 =008 ***********************************Ind** =035 ##$$0010-061300000012092 =041 ##$$a Ind =082 ##$$a 551.5 =090 ##$$a 551.5, Han k =100 ##$$a Handoko =245 ##$$a Klimatologi dasar, landasan pemahaman Fisika atmosfer dan unsur-unsur iklim, Handoko =260 ##$$a 1995 $b Jakarta =300 ##$$a xi, 192 hlm., Ilus, 21 cm =650 ##$$a Klimatologi =850 ##$$a NBPNMAT